• 首页
  • 本馆介绍
  • 公告通知
  • 最新文献
  • 馆藏检索
  • 电子资源
  • 读者导购
  • 参考咨询
  • 我的图书馆
  • 登录
  • 详细信息显示
  • 放入我的书架
  • 预约/预借图书
  • 作者相关作品
  • 分类相关作品
  • 丛书相关作品
  • 出版社相关作品

书目信息

  • 表格格式
  • 工作单格式
  • 卡片格式
题名:
伦勃朗
    
 
作者: 米歇尔 著 ;曲义 译
分册: 上册  
出版信息: 大连   大连理工大学出版社  2013
页数: 2册(255;255页)
开本: 33cm
丛书名:
单 册:
中图分类: K835.635.72=41 , J233(563)
科图分类:
主题词: 油画--作品集--荷兰--近代
电子资源:
ISBN: 978-7-5611-8183-6
000 01022nam0 2200277 450-
001 0103055088
005 20140226090848.0
010    @a978-7-5611-8183-6@b精装@dCNY264.00
100    @a20140109d2013 em y0chiy0120 ea
101 1  @achi@cfre
102    @aCN@b210000
105    @aa z 000yd
106    @ar
200 1  @a伦勃朗@9Lun Bo Lang @f(法)埃米尔·米歇尔(Emile Michel)著@g曲义译@b专著@dRembrandt: painter, engraver and draftsman@h上册@zeng
210    @a大连@c大连理工大学出版社@d2013
215    @a2册(255;255页)@d33cm
330    @a本书中收录了能体现大师精湛绘画技巧的300余幅作品,并用文字展现出大师的一生。
510 1  @aRembrandt: painter, engraver and draftsman@zeng
600  0 @a伦勃朗@c(Rembrandt, Harmensz van Rijn@f1606-1669)@x生平事迹
606 0  @a油画@x作品集@y荷兰@z近代
690    @aK835.635.72=41@v5
690    @aJ233(563)@v5
701  0 @c(法)@a米歇尔@9mi xie er@c(Michel, Emile)@4著
702  0 @a曲义@9qu yi@4译
801  0 @aCN@bAZmarc@c20230901
905    @aBZT@dK835@e101:1@f5@sK835/101:1
    
    伦勃朗/(法)埃米尔·米歇尔(Emile Michel)著/曲义译=Rembrandt: painter, engraver and draftsman.上册.-大连:大连理工大学出版社,2013
    2册(255;255页);33cm
    
    
    ISBN 978-7-5611-8183-6(精装):CNY264.00
    本书中收录了能体现大师精湛绘画技巧的300余幅作品,并用文字展现出大师的一生。
●
相关链接 在五车中查询图书 在当当中查询图书 在豆瓣中查询图书


正题名:伦勃朗     索取号:K835/101:1         预约/预借

序号 登录号 条形码 馆藏地/架位号 状态 备注
1 2000010496   2000010496   旧书回溯/ [索取号:K835/101:1] 在馆    
2 2000010497   2000010497   旧书回溯/ [索取号:K835/101:1] 在馆    
3 2000010498   2000010498   旧书回溯/ [索取号:K835/101:1] 在馆    
4 2000010747   2000010747   旧书回溯/ [索取号:K835/101:1] 在馆    
5 2000010748   2000010748   旧书回溯/ [索取号:K835/101:1] 在馆    
山东省滨州职业学院图书馆 欢迎您!
大连网信软件有限公司© 版权所有